000 00884nam a2200217 a 4500
001 BRCA_4123
005 20190320204543.0
008 130410s1950----mx-a######---#000-0#spa-#
041 _aspa
044 _amx
050 4 _aF1219.1.I2
_b.H35 1950
245 1 0 _aEl hallazgo de Ichcateopan
_bdictamen que rinde la comisión designada por acuerdo de C. Secretario de Educación Pública, en relación con las investigaciones y exploración realizadas en Ichcateopan, Guerrero.
260 _aMéxico
_bRevista Mexicana de Estudios Antropológicos
_c1950
300 _ap. 197-295
_bil., 49 fotografías
_c24 cm.
500 _aSobretiro del Tomo Undécimo de la Revista Mexicana de Estudios Antropólogicos
500 _aRevista inventariada por Banco de México como libro
500 _aC151
651 4 _aIchcateopan, Guerrero
_xAntigüedades
_910657
902 _aGFM
942 _2lcc
_cB
999 _c3839
_d3839